| 000 | 00526nam a22001817a 4500 | ||
|---|---|---|---|
| 999 |
_c153462 _d153462 |
||
| 005 | 20230705145559.0 | ||
| 010 | _aENG-123389 ENG-137277 | ||
| 020 |
_c270.00 _a9789352711031 |
||
| 035 | _aEN-106921 EN-120809 | ||
| 037 | _bDBAD/PUB | ||
| 082 | _a338.5 | ||
| 100 | _a Dwivedi, D N | ||
| 245 | 0 | 0 |
_aMicroeconomics / _cby D N Dwivedi |
| 260 |
_aNoida _bVikas Publishing House _c2017 |
||
| 270 |
_aE-28, Sector-8, _bNoida _e201301 |
||
| 300 |
_a276 p. _c25cm(pbk) _bill. |
||
| 942 |
_2ddc _cEN _mDWI _h338.5 |
||